[Event "XII Corsicoscacchi B"]
[Site "Corsico ITA"]
[Date "1996.10.05"]
[Round "1"]
[White "Lapiccirella, Mattia"]
[Black "Saccani, Ettore"]
[Result "0-1"]
[WhiteElo "1558"]
[BlackElo "1573"]
[PlyCount "100"]
[EventDate "1996.10.05"]

1. d4 e6 2. c4 Nf6 3. Nf3 d5 4. Nc3 Be7 5. Bg5 O-O 6. e3 Nbd7 7. Rc1 c6 8. Qc2
Qc7 9. cxd5 exd5 10. Bf4 Qb6 11. Bd3 Re8 12. O-O Nf8 13. Na4 Qd8 14. Nc5 Ng6
15. Bxg6 hxg6 16. Ne5 Nh5 17. Rfe1 Nxf4 18. exf4 Qc7 19. Nxg6 fxg6 20. Qxg6 Rf8
21. Ne6 Bxe6 22. Qxe6+ Rf7 23. Re5 Qd6 24. Qg4 Raf8 25. g3 Rf6 26. Rce1 Bd8 27.
Rg5 Qc7 28. h4 Rh6 29. Rge5 Qf7 30. f5 Rh5 31. f6 Rxe5 32. dxe5 Bxf6 33. exf6
Qxf6 34. Qe6+ Qxe6 35. Rxe6 Kf7 36. Re3 Re8 37. Rb3 Re7 38. Kf1 Ke6 39. f3 d4
40. Kf2 c5 41. Rd3 b6 42. Rd1 Kf5 43. Rd2 Re3 44. Re2 Rxe2+ 45. Kxe2 c4 46. Kd2
b5 47. b3 a5 48. Ke2 cxb3 49. axb3 a4 50. Kd3 a3 0-1

[Event "XII Corsicoscacchi B"]
[Site "Corsico ITA"]
[Date "1996.10.05"]
[Round "1"]
[White "Riboldi, Raffaele"]
[Black "Olivo, Mario"]
[Result "1-0"]
[WhiteElo "1648"]
[BlackElo "1651"]
[PlyCount "99"]
[EventDate "1996.10.05"]

1. d4 Nf6 2. c4 g6 3. Nc3 Bg7 4. e4 d6 5. Nge2 O-O 6. Ng3 Nc6 7. d5 Ne5 8. f4
Ned7 9. Be2 c5 10. O-O a6 11. Be3 Ne8 12. Qd2 Nc7 13. Bd3 Rb8 14. a4 b6 15. Be2
Nf6 16. f5 Nd7 17. Bh6 Ne5 18. Bxg7 Kxg7 19. Rf2 f6 20. b3 Bd7 21. h3 b5 22.
axb5 axb5 23. fxg6 hxg6 24. Rff1 bxc4 25. bxc4 Rb4 26. Rfb1 Nxc4 27. Bxc4 Rxc4
28. Ra7 Rb4 29. Rxb4 cxb4 30. Nce2 Qb8 31. Ra1 Qb6+ 32. Kh2 Na6 33. Nd4 Rb8 34.
Rb1 Rc8 35. Qe3 Qc7 36. Nge2 Qa5 37. Nf4 Rc3 38. Nde6+ Bxe6 39. Nxe6+ Kf7 40.
Qh6 Ke8 41. Qxg6+ Kd7 42. Qg4 Nb8 43. Nd4+ Kc7 44. Qe6 Kd8 45. Qg8+ Kc7 46. Qe8
Rc4 47. Qxe7+ Kc8 48. Nf5 Nd7 49. Nxd6+ Kc7 50. Nxc4 1-0

[Event "XII Corsicoscacchi B"]
[Site "Corsico ITA"]
[Date "1996.10.??"]
[Round "3"]
[White "Nessi, Silvio"]
[Black "Saccani, Ettore"]
[Result "1-0"]
[WhiteElo "1657"]
[BlackElo "1573"]
[PlyCount "87"]
[EventDate "1996.10.05"]

1. d4 e6 2. c4 Nf6 3. Nc3 d5 4. Bg5 Be7 5. e3 Nbd7 6. Qc2 c5 7. Nf3 O-O 8. Bd3
h6 9. Bh4 dxc4 10. Bxc4 Nb6 11. Bd3 cxd4 12. exd4 Bd7 13. Rd1 Rc8 14. Qe2 Nbd5
15. Nxd5 Nxd5 16. Bxe7 Qxe7 17. O-O a6 18. Qe4 f5 19. Qe5 Qf6 20. Qg3 Nb4 21.
Bb1 Bc6 22. a3 Nd5 23. Rfe1 Rfd8 24. Ba2 g5 25. Rd2 Nf4 26. h4 Bxf3 27. Qxf3
Rc7 28. g3 Nd5 29. Rde2 Re7 30. Re5 gxh4 31. Bxd5 Rxd5 32. Rxd5 exd5 33. Qxd5+
Kh7 34. Rxe7+ Qxe7 35. Qxf5+ Kh8 36. Qe5+ Qxe5 37. dxe5 hxg3 38. fxg3 Kg8 39.
Kf2 Kf7 40. Ke3 Ke6 41. Ke4 h5 42. b3 b6 43. a4 a5 44. Kf4 1-0

[Event "XII Corsicoscacchi B"]
[Site "Corsico ITA"]
[Date "1996.10.??"]
[Round "4"]
[White "Saccani, Ettore"]
[Black "Manunta, Roberto"]
[Result "0-1"]
[WhiteElo "1573"]
[BlackElo "1600"]
[PlyCount "74"]
[EventDate "1996.10.05"]

1. e4 c5 2. c3 d5 3. exd5 Qxd5 4. d4 Nc6 5. Nf3 Bg4 6. Be2 e6 7. Na3 a6 8. Nc2
cxd4 9. Ncxd4 Nxd4 10. Nxd4 Bxe2 11. Qxe2 Qxg2 12. Qf3 Qxf3 13. Nxf3 Bd6 14.
Be3 Ne7 15. O-O-O O-O-O 16. Ng5 Rhf8 17. Bb6 Bf4+ 18. Be3 Bxe3+ 19. fxe3 Rxd1+
20. Rxd1 h6 21. Ne4 Nf5 22. Rd3 Rd8 23. Kc2 b6 24. Nf2 Rxd3 25. Kxd3 Kd7 26. a4
Kc6 27. b4 f6 28. c4 e5 29. Nd1 a5 30. bxa5 bxa5 31. Nc3 Nd6 32. Nb5 Kc5 33.
Nxd6 Kxd6 34. h4 g5 35. h5 f5 36. Kc3 Kc5 37. Kd3 g4 0-1

[Event "XII Corsicoscacchi B"]
[Site "Corsico ITA"]
[Date "1996.10.??"]
[Round "5"]
[White "Montaruli, Roberto"]
[Black "Saccani, Ettore"]
[Result "0-1"]
[WhiteElo "1612"]
[BlackElo "1573"]
[PlyCount "38"]
[EventDate "1996.10.05"]

1. d4 e6 2. e4 d5 3. Nc3 Bb4 4. e5 c5 5. a3 Bxc3+ 6. bxc3 Ne7 7. a4 Nbc6 8. Nf3
Qa5 9. Qd2 Nf5 10. Bd3 cxd4 11. Bxf5 dxc3 12. Qg5 exf5 13. Qxg7 Rf8 14. Bh6 Qb4
15. Qxh7 Qe4+ 16. Kf1 Qxc2 17. Bxf8 Qd3+ 18. Kg1 c2 19. Bh6 Qd1+ 0-1

[Event "XII Corsicoscacchi B"]
[Site "Corsico ITA"]
[Date "1996.10.??"]
[Round "6"]
[White "Loda', Domenico"]
[Black "Saccani, Ettore"]
[Result "1/2-1/2"]
[WhiteElo "1632"]
[BlackElo "1573"]
[PlyCount "89"]
[EventDate "1996.10.05"]

1. e4 e6 2. d4 d5 3. e5 b6 4. Nf3 Ba6 5. Bxa6 Nxa6 6. c3 Qd7 7. O-O c5 8. a3
Ne7 9. b4 c4 10. Bf4 Ng6 11. Bg3 Be7 12. h3 h5 13. Nbd2 Nc7 14. a4 a6 15. Re1
Nf8 16. Bh4 Bxh4 17. Nxh4 g5 18. Nhf3 Qe7 19. Nh2 Ng6 20. f3 O-O-O 21. Re3 Rdg8
22. Kf2 g4 23. fxg4 hxg4 24. Nxg4 Nf4 25. Qf1 Qh4+ 26. Kg1 Rxg4 27. hxg4 Qh2+
28. Kf2 Qh4+ 29. Kg1 Qxg4 30. Rf3 Nh3+ 31. Rxh3 Rxh3 32. Nf3 Qg6 33. Qe2 Ne8
34. Kf2 Rg3 35. Rg1 Ng7 36. Nh4 Qg5 37. Nf3 Qg4 38. Qd2 Nf5 39. Nh2 Qg7 40. Nf1
Rd3 41. Qc1 Qg4 42. Rh1 Nh4 43. Rh2 Rd1 44. Qh6 Qf5+ 45. Kg3 1/2-1/2

[Event "XII Corsicoscacchi FIDE"]
[Site "Corsico ITA"]
[Date "1996.10.??"]
[Round "1"]
[White "Barlocco, Carlo"]
[Black "Oppici, Gabriele"]
[Result "1-0"]
[WhiteElo "2195"]
[BlackElo "2055"]
[PlyCount "79"]
[EventDate "1996.10.05"]

1. d4 f5 2. Bg5 g6 3. e4 fxe4 4. Nc3 Bg7 5. Nxe4 Nf6 6. Bd3 b6 7. Nf3 Bb7 8.
Qe2 O-O 9. O-O Nc6 10. c4 e6 11. Rad1 Qe8 12. Nc3 Nh5 13. Be4 Nf6 14. Bc2 a6
15. Rfe1 Nb4 16. Bb3 Bxf3 17. Qxf3 Nc6 18. Qe2 Na5 19. Ba4 Qf7 20. b4 Nxc4 21.
Qxc4 b5 22. Bxb5 axb5 23. Nxb5 Nd5 24. Bh4 Ra4 25. a3 Bf6 26. Bg3 c6 27. Nd6
Qg7 28. Qb3 Rfa8 29. Nc4 Bxd4 30. Na5 R4xa5 31. bxa5 Nc3 32. Rxd4 Qxd4 33. Be5
Qd5 34. Qxc3 Qxa5 35. Qe3 Rf8 36. Rb1 Qd8 37. Qh6 Qe7 38. Qd2 Qf7 39. Bd6 Qf5
40. Rd1 1-0

[Event "XII Corsicoscacchi FIDE"]
[Site "Corsico ITA"]
[Date "1996.10.??"]
[Round "1"]
[White "Bressanelli, Roberto"]
[Black "Barberi, Alessandro"]
[Result "1/2-1/2"]
[WhiteElo "2115"]
[BlackElo "2220"]
[PlyCount "84"]
[EventDate "1996.10.05"]

1. e4 c5 2. b4 e5 3. Nf3 Nc6 4. Bb2 Nf6 5. Bc4 Nxe4 6. Qe2 d5 7. d3 dxc4 8.
Qxe4 f6 9. Qxc4 Qb6 10. b5 Nd4 11. Nxd4 cxd4 12. a4 a5 13. Qd5 Be6 14. Qe4 Rc8
15. c3 dxc3 16. Nxc3 Bb4 17. Rc1 Qd4 18. Qxb7 O-O 19. Qa6 Bb3 20. O-O Bxc3 21.
b6 Ra8 22. Qxa8 Rxa8 23. b7 Rb8 24. Rxc3 Qd7 25. Rxb3 Qxa4 26. Rb6 Qd7 27. Bc3
Rxb7 28. Rxb7 Qxb7 29. Bxa5 Qd5 30. Bb6 Qxd3 31. g3 h5 32. h4 g5 33. hxg5 fxg5
34. Be3 Qf5 35. Ra1 Kf7 36. Ra7+ Ke6 37. Ra6+ Kd5 38. Ra5+ Ke4 39. Ra4+ Kf3 40.
Ra3 Qb1+ 41. Kh2 e4 42. Ra5 g4 1/2-1/2

[Event "XII Corsicoscacchi FIDE"]
[Site "Corsico ITA"]
[Date "1996.10.??"]
[Round "1"]
[White "Contini, Luca"]
[Black "Murgia, Andrea"]
[Result "1-0"]
[WhiteElo "2340"]
[BlackElo "2175"]
[PlyCount "78"]
[EventDate "1996.10.05"]

1. d4 d5 2. c4 c6 3. Nc3 Nf6 4. Nf3 dxc4 5. a4 Bf5 6. Ne5 Nbd7 7. Nxc4 e6 8. f3
Bb4 9. e4 Bg6 10. Bg5 Qc7 11. Bh4 O-O 12. Bg3 Qd8 13. Be2 Nh5 14. Bf2 Nf4 15.
O-O f6 16. Ne3 Nxe2+ 17. Qxe2 Bf7 18. Rfd1 Qa5 19. Na2 Be7 20. Qc2 Rfd8 21. b4
Qh5 22. Nc4 Nb6 23. Nd2 Rac8 24. a5 Nd7 25. Nc4 Qb5 26. Na3 Qa6 27. Qb2 b6 28.
axb6 axb6 29. Nc3 Qb7 30. b5 c5 31. d5 Nf8 32. Nc4 exd5 33. Nxd5 Bxd5 34. exd5
Nd7 35. Ra6 Bf8 36. Bg3 Re8 37. Qa2 Ra8 38. Bc7 Rxa6 39. bxa6 Qa7 1-0

[Event "XII Corsicoscacchi FIDE"]
[Site "Corsico ITA"]
[Date "1996.10.??"]
[Round "1"]
[White "Dorighet, Claudio"]
[Black "Ubezio, Marco"]
[Result "0-1"]
[WhiteElo "1897"]
[BlackElo "2195"]
[PlyCount "86"]
[EventDate "1996.10.05"]

1. c4 e5 2. Nc3 Nf6 3. g3 Bb4 4. Bg2 O-O 5. Nf3 Re8 6. O-O e4 7. Ng5 Bxc3 8.
bxc3 h6 9. Nh3 d6 10. Nf4 Nbd7 11. Nd5 c6 12. Nxf6+ Nxf6 13. f3 Qb6+ 14. Kh1
exf3 15. Bxf3 Bh3 16. Bg2 Bg4 17. Bf3 Qc5 18. d3 Bh3 19. Bg2 Qh5 20. e4 Ng4 21.
Qf3 f5 22. exf5 Re5 23. Bxh3 Qxh3 24. Qg2 Qxg2+ 25. Kxg2 Rae8 26. h3 Re2+ 27.
Kg1 Ne3 28. Rf2 Re1+ 29. Kh2 Nxf5 30. Bb2 R1e2 31. Kg2 R8e3 32. g4 Nh4+ 33. Kf1
Rxf2+ 34. Kxf2 Rxd3 35. Ke2 Rxh3 36. Ba3 Rxc3 37. Bxd6 Rxc4 38. Rb1 b5 39. Rf1
Re4+ 40. Kd3 Rxg4 41. Rf8+ Kh7 42. Ra8 Nf5 43. Be5 Ra4 0-1

[Event "XII Corsicoscacchi FIDE"]
[Site "Corsico ITA"]
[Date "1996.10.??"]
[Round "1"]
[White "Everet, Alexandro"]
[Black "Cazzaniga, Walter"]
[Result "0-1"]
[WhiteElo "2130"]
[BlackElo "2235"]
[PlyCount "150"]
[EventDate "1996.10.05"]

1. e4 e6 2. d4 d5 3. e5 c5 4. c3 Nc6 5. Nf3 Qb6 6. Be2 cxd4 7. cxd4 Bb4+ 8. Bd2
Bxd2+ 9. Qxd2 Nge7 10. O-O Nf5 11. Rd1 O-O 12. Nc3 f6 13. exf6 Rxf6 14. Rac1
Qb4 15. Bb5 Qd6 16. Bxc6 bxc6 17. Na4 Bd7 18. Ne5 Be8 19. Rc5 Rb8 20. Rdc1 Rh6
21. h3 Rf6 22. Nxc6 Bxc6 23. Rxc6 Qb4 24. Rc8+ Rf8 25. Rxf8+ Kxf8 26. Rc8+ Ke7
27. Rc7+ Kf6 28. Qxb4 Rxb4 29. Rxa7 Nxd4 30. a3 Rb3 31. Ra6 h5 32. Nc3 Ke5 33.
Nd1 Rd3 34. Nc3 Rd2 35. b4 Rd3 36. Na4 Rxa3 37. g3 g5 38. Kg2 g4 39. Nc5 Rxa6
40. Nxa6 Kd6 41. Nc5 e5 42. Nd3 Nf3 43. h4 Kc6 44. Kf1 Kb5 45. Ke2 Kc4 46. Nc5
Kxb4 47. Nd7 Kc3 48. Kd1 d4 49. Nf6 Nd2 50. Nxh5 Kc4 51. Nf6 Kd3 52. Nd7 e4 53.
Nc5+ Kc4 54. Ne6 Nb1 55. Nf4 Nc3+ 56. Kd2 e3+ 57. fxe3 Ne4+ 58. Kd1 d3 59. Ke1
Nxg3 60. Ne6 Ne4 61. Nf4 g3 62. Kd1 d2 63. Kc2 Kc5 64. Kd1 Kb4 65. Kc2 Ka3 66.
Ng2 Kb4 67. Nf4 Kc5 68. Kd1 Kd6 69. Ke2 Ke5 70. Nd3+ Kf5 71. Nf4 Kg4 72. Ng2
Kh3 73. Nf4+ Kh2 74. Kd1 g2 75. Ne2 Nc3+ 0-1

[Event "XII Corsicoscacchi FIDE"]
[Site "Corsico ITA"]
[Date "1996.10.??"]
[Round "1"]
[White "Gabetto, Flaviano"]
[Black "Sbarra, Marco"]
[Result "0-1"]
[WhiteElo "2155"]
[BlackElo "2280"]
[PlyCount "78"]
[EventDate "1996.10.05"]

1. e4 e5 2. Nc3 Nf6 3. g3 d5 4. exd5 Nxd5 5. Bg2 Be6 6. Nf3 Nc6 7. O-O Be7 8.
Re1 Qd6 9. Nb5 Qc5 10. a4 a6 11. d4 Qb6 12. Na3 exd4 13. Ng5 Bxg5 14. Bxd5 Bf6
15. Bxe6 fxe6 16. Rxe6+ Kf7 17. Rxf6+ gxf6 18. Qh5+ Ke7 19. Bf4 Rae8 20. Nc4
Qb4 21. Qd5 Rd8 22. Qe4+ Kf7 23. b3 Qc5 24. Bxc7 Rd7 25. Bf4 Qd5 26. Qd3 Nb4
27. Qd2 Qc5 28. c3 Nc6 29. Rd1 Rhd8 30. Qd3 Kg8 31. Qf3 dxc3 32. Rxd7 Rxd7 33.
Qg4+ Rg7 34. Qe6+ Kh8 35. Bh6 Qe7 36. Bxg7+ Kxg7 37. Qg4+ Kh8 38. Qc8+ Qd8 39.
Qxb7 c2 0-1

[Event "XII Corsicoscacchi FIDE"]
[Site "Corsico ITA"]
[Date "1996.10.??"]
[Round "1"]
[White "Natalucci, Fabrizio"]
[Black "Hitzgerova, Gabriela"]
[Result "1-0"]
[WhiteElo "2225"]
[BlackElo "2125"]
[PlyCount "77"]
[EventDate "1996.10.05"]

1. d4 Nf6 2. Nf3 g6 3. g3 Bg7 4. Bg2 d6 5. O-O O-O 6. c4 c6 7. Nc3 Qa5 8. h3
Be6 9. Qd3 d5 10. cxd5 Nxd5 11. e4 Nxc3 12. Qxc3 Qxc3 13. bxc3 Nd7 14. Be3 Nb6
15. Rfb1 Rfd8 16. a4 Rd7 17. Ng5 Bc4 18. a5 Nc8 19. Rb4 Ba6 20. e5 e6 21. Ne4
Rc7 22. Nc5 Ne7 23. Rab1 h5 24. Nxa6 bxa6 25. Rb7 Rac8 26. Bf1 Nd5 27. Bd2 c5
28. Bxa6 cxd4 29. cxd4 Rc2 30. Rxa7 Rd8 31. Be1 Nc3 32. Bd3 Nxb1 33. Bxc2 Na3
34. Bb3 Rxd4 35. a6 Re4 36. Kf1 Rxe5 37. Ra8+ Kh7 38. a7 Nb5 39. Rh8+ 1-0

[Event "XII Corsicoscacchi FIDE"]
[Site "Corsico ITA"]
[Date "1996.10.??"]
[Round "2"]
[White "Barberi, Alessandro"]
[Black "Barlocco, Carlo"]
[Result "1/2-1/2"]
[WhiteElo "2220"]
[BlackElo "2195"]
[PlyCount "72"]
[EventDate "1996.10.05"]

1. d4 d5 2. c4 c6 3. Nc3 Nf6 4. Nf3 a6 5. e3 b5 6. b3 Bg4 7. Bd3 e6 8. O-O Nbd7
9. h3 Bh5 10. Bb2 Bd6 11. Rc1 O-O 12. Nb1 Ne4 13. g4 Bg6 14. Ne5 Bxe5 15. dxe5
Qh4 16. Kg2 f5 17. exf6 Ndxf6 18. Bxf6 Rxf6 19. Bxe4 Bxe4+ 20. f3 Raf8 21. Nd2
Bd3 22. Rh1 bxc4 23. bxc4 Bxc4 24. Nxc4 Rxf3 25. Qxf3 Rxf3 26. Kxf3 dxc4 27.
Rxc4 Qf6+ 28. Rf4 Qd8 29. Rd4 Qa8 30. Rd7 c5+ 31. e4 h6 32. Rb1 Qf8+ 33. Ke3
Qf6 34. Rbb7 Qc3+ 35. Ke2 Qc2+ 36. Ke3 Qc3+ 1/2-1/2

[Event "XII Corsicoscacchi FIDE"]
[Site "Corsico ITA"]
[Date "1996.10.??"]
[Round "2"]
[White "Cazzaniga, Walter"]
[Black "Contini, Luca"]
[Result "1-0"]
[WhiteElo "2235"]
[BlackElo "2340"]
[PlyCount "101"]
[EventDate "1996.10.05"]

1. d4 Nf6 2. c4 e6 3. Nf3 b6 4. g3 Ba6 5. b3 b5 6. cxb5 Bxb5 7. Bd2 c5 8. Bg2
Nc6 9. Nc3 Ba6 10. dxc5 Bxc5 11. O-O Rc8 12. a3 Be7 13. b4 Bc4 14. Qa4 a6 15.
Rfd1 O-O 16. e4 Ng4 17. h3 Nge5 18. Be3 Nxf3+ 19. Bxf3 Qc7 20. Rac1 Ne5 21. Be2
Bxe2 22. Nxe2 Qb7 23. Nd4 Qxe4 24. Rxc8 Rxc8 25. Qxa6 Rc3 26. Ne2 Rxe3 27. fxe3
Qxe3+ 28. Kf1 Qf3+ 29. Ke1 Qh1+ 30. Kd2 Qd5+ 31. Kc2 Qa2+ 32. Kc3 g6 33. Nc1
Qa1+ 34. Kc2 Kg7 35. Qe2 Bf6 36. Kb3 Qb1+ 37. Ka4 Qf5 38. g4 Qf4 39. Nd3 Qc4
40. Nc1 Qc7 41. Kb3 d5 42. Qc2 Nc4 43. Rd3 Qa7 44. a4 Nb2 45. a5 Nxd3 46. Nxd3
Bd4 47. Qc6 Qb8 48. Nc5 Qg3+ 49. Ka4 Qc3 50. a6 Qc4 51. Ka5 1-0

[Event "XII Corsicoscacchi FIDE"]
[Site "Corsico ITA"]
[Date "1996.10.??"]
[Round "2"]
[White "Hitzgerova, Gabriela"]
[Black "Gabetto, Flaviano"]
[Result "1/2-1/2"]
[WhiteElo "2125"]
[BlackElo "2155"]
[PlyCount "119"]
[EventDate "1996.10.05"]

1. e4 e5 2. Nf3 Nf6 3. Nxe5 d6 4. Nf3 Nxe4 5. d4 d5 6. Be2 Bd6 7. O-O O-O 8. c4
dxc4 9. Bxc4 c6 10. Nc3 Nxc3 11. bxc3 Bg4 12. h3 Bh5 13. Be3 Nd7 14. Be2 Nb6
15. Ng5 Bg6 16. Bd3 Nd5 17. Bxg6 hxg6 18. Qg4 Be7 19. Qh4 Bxg5 20. Bxg5 f6 21.
Bd2 b5 22. Qg4 Kf7 23. Rfe1 Qd6 24. Rec1 Nb6 25. Bf4 Qd5 26. Bc7 Nc4 27. Re1
Rfc8 28. Bg3 Re8 29. Qf4 a5 30. Qc7+ Kf8 31. Rad1 a4 32. Kh2 Rac8 33. Qf4 Rcd8
34. Qg4 Qf5 35. Qxf5 gxf5 36. Bf4 g5 37. Bc1 Kf7 38. Kg3 Kg6 39. Kf3 Kh6 40. g3
Kg6 41. Kg2 Kf7 42. Kf1 Rh8 43. Kg2 Rd7 44. Rh1 Rdd8 45. Rde1 c5 46. dxc5 Rd3
47. h4 g4 48. Bf4 Rxc3 49. c6 Rc8 50. c7 Rc2 51. h5 Rxa2 52. h6 Nb6 53. Rb1 Nd5
54. h7 Rh8 55. c8=Q Rxc8 56. h8=Q Rxh8 57. Rxh8 Nc3 58. Rb4 Rc2 59. Ra8 Ke6 60.
Be3 1/2-1/2

[Event "XII Corsicoscacchi FIDE"]
[Site "Corsico ITA"]
[Date "1996.10.??"]
[Round "2"]
[White "Moncelli, Giorgio"]
[Black "Dorighet, Claudio"]
[Result "1-0"]
[WhiteElo "2145"]
[BlackElo "1897"]
[PlyCount "47"]
[EventDate "1996.10.05"]

1. d4 f5 2. Nf3 Nf6 3. c4 e6 4. g3 c6 5. Bg2 d5 6. O-O Bd6 7. b3 Qe7 8. Bb2 O-O
9. Nbd2 Ne4 10. Ne5 Nd7 11. Ndf3 g5 12. Nd3 Rf6 13. Nfe5 Rh6 14. f3 Nef6 15.
Qd2 Qg7 16. Rae1 Bc7 17. e4 Nf8 18. Bc1 dxe4 19. fxe4 Ng4 20. Qxg5 Qxg5 21.
Bxg5 Rh5 22. h4 Nxe5 23. dxe5 Ng6 24. exf5 1-0

[Event "XII Corsicoscacchi FIDE"]
[Site "Corsico ITA"]
[Date "1996.10.??"]
[Round "2"]
[White "Murgia, Andrea"]
[Black "Bonazzi, Edoardo"]
[Result "1-0"]
[WhiteElo "2175"]
[BlackElo "1813"]
[PlyCount "49"]
[EventDate "1996.10.05"]

1. e4 c5 2. c3 d5 3. exd5 Qxd5 4. d4 cxd4 5. cxd4 Nc6 6. Nf3 e5 7. Nc3 Bb4 8.
Bd2 Bxc3 9. Bxc3 e4 10. Ne5 Nxe5 11. dxe5 Ne7 12. Be2 Qxd1+ 13. Rxd1 Bd7 14.
O-O Bc6 15. Bb4 Nd5 16. Bd6 Nf4 17. Bc4 b5 18. Bb3 Nd3 19. Rd2 Rc8 20. f3 Nf4
21. fxe4 Ne6 22. Rdf2 Ng5 23. Bxf7+ Nxf7 24. Rxf7 Bxe4 25. e6 1-0

[Event "XII Corsicoscacchi FIDE"]
[Site "Corsico ITA"]
[Date "1996.10.??"]
[Round "2"]
[White "Oppici, Gabriele"]
[Black "Everet, Alexandro"]
[Result "1-0"]
[WhiteElo "2055"]
[BlackElo "2130"]
[PlyCount "53"]
[EventDate "1996.10.05"]

1. Nc3 e5 2. Nf3 Nc6 3. d4 exd4 4. Nxd4 Nf6 5. Bg5 Be7 6. Nf5 O-O 7. Nxe7+ Qxe7
8. Nd5 Qe5 9. Nxf6+ gxf6 10. Bh6 Qxb2 11. Rb1 Qc3+ 12. Bd2 Qc5 13. e4 d6 14.
Rb5 Qd4 15. Bd3 Ne5 16. Rd5 Qb6 17. O-O c5 18. Qe1 Be6 19. f4 Ng4 20. Ba5 Qb2
21. Bc3 Qa3 22. Rh5 c4 23. Be2 d5 24. Bxg4 Qc5+ 25. Kh1 Bxg4 26. Qg3 Qc8 27. f5
1-0

[Event "XII Corsicoscacchi FIDE"]
[Site "Corsico ITA"]
[Date "1996.10.??"]
[Round "2"]
[White "Sbarra, Marco"]
[Black "Natalucci, Fabrizio"]
[Result "1-0"]
[WhiteElo "2280"]
[BlackElo "2225"]
[PlyCount "71"]
[EventDate "1996.10.05"]

1. d4 f5 2. g3 g6 3. Bg2 Nf6 4. b3 Bg7 5. Bb2 O-O 6. Nd2 d6 7. Ngf3 Qe8 8. O-O
Nc6 9. Re1 e5 10. e4 Nxe4 11. dxe5 d5 12. c4 Nxe5 13. Bxe5 Bxe5 14. Nxe5 Qxe5
15. cxd5 Qxd5 16. Nxe4 Qxd1 17. Raxd1 fxe4 18. h3 c6 19. Rxe4 Bf5 20. Re7 Rf7
21. Rde1 Raf8 22. Bf1 Rxe7 23. Rxe7 Bc8 24. b4 a6 25. Bc4+ Kh8 26. Kg2 Rd8 27.
Bb3 b6 28. g4 c5 29. bxc5 bxc5 30. Rc7 Rf8 31. Kg3 g5 32. Rxc5 h6 33. Rc7 a5
34. Ra7 h5 35. gxh5 Bf5 36. f3 1-0

[Event "XII Corsicoscacchi FIDE"]
[Site "Corsico ITA"]
[Date "1996.10.??"]
[Round "2"]
[White "Valenti, Giuseppe"]
[Black "Bressanelli, Roberto"]
[Result "1/2-1/2"]
[WhiteElo "2215"]
[BlackElo "2115"]
[PlyCount "65"]
[EventDate "1996.10.05"]

1. e4 e5 2. Nf3 Nc6 3. Bb5 a6 4. Bxc6 dxc6 5. O-O f6 6. d4 exd4 7. Nxd4 c5 8.
Nb3 Qxd1 9. Rxd1 Bg4 10. f3 Be6 11. Be3 b6 12. Nc3 Bd6 13. Nd5 O-O-O 14. Rd2
Ne7 15. Rad1 Nxd5 16. exd5 Bd7 17. Re2 Rde8 18. Nd2 Re7 19. Ree1 Rhe8 20. Ne4
Bf5 21. Nxd6+ cxd6 22. Kf2 Bxc2 23. Rc1 Bg6 24. Rc3 Bf7 25. Rd1 Re5 26. Rd2 Kd7
27. Rcd3 c4 28. Ra3 Rxd5 29. Rxd5 Bxd5 30. Rxa6 Ke6 31. Bxb6 Ra8 32. Rxa8 Bxa8
33. Ke3 1/2-1/2

[Event "XII Corsicoscacchi FIDE"]
[Site "Corsico ITA"]
[Date "1996.10.??"]
[Round "3"]
[White "Bonazzi, Edoardo"]
[Black "Hitzgerova, Gabriela"]
[Result "0-1"]
[WhiteElo "1813"]
[BlackElo "2125"]
[PlyCount "122"]
[EventDate "1996.10.05"]

1. e4 c5 2. Nf3 d6 3. d4 cxd4 4. Nxd4 Nf6 5. Nc3 a6 6. g3 e6 7. Bg2 Be7 8. O-O
O-O 9. Nce2 Qc7 10. h3 Bd7 11. b3 Nc6 12. c4 Rab8 13. Bb2 Rfc8 14. Rc1 Qd8 15.
Qd3 Nb4 16. Qb1 Be8 17. Rfd1 Qb6 18. Qa1 Bf8 19. Rd2 Nd7 20. Rcd1 Nc5 21. a3
Nc6 22. Qa2 Nxd4 23. Nxd4 g6 24. b4 Na4 25. Ba1 Qc7 26. Bf1 Nb6 27. Rc2 e5 28.
Nb3 Ba4 29. Rcc1 Qe7 30. Re1 Qe6 31. Na5 Nd7 32. Nb3 Rc7 33. Qb2 Rbc8 34. Nd2
Bh6 35. f4 Bg7 36. Kh2 Nb6 37. Qc3 Bb5 38. c5 Bxf1 39. Rxf1 dxc5 40. bxc5 Na4
41. Qc4 Rxc5 42. Qxe6 fxe6 43. Rxc5 Rxc5 44. Kg1 exf4 45. Bxg7 Kxg7 46. gxf4
Rc3 47. Rb1 b5 48. Rb3 Kf6 49. Kf2 Rxb3 50. Nxb3 Nc3 51. Nc5 a5 52. Ke3 a4 53.
e5+ Kf5 54. Nb7 Nd5+ 55. Kf3 Nxf4 56. Nd6+ Kxe5 57. Nxb5 Nxh3 58. Nc3 Kd4 59.
Nxa4 e5 60. Nb2 e4+ 61. Ke2 Nf4+ 0-1

[Event "XII Corsicoscacchi FIDE"]
[Site "Corsico ITA"]
[Date "1996.10.??"]
[Round "3"]
[White "Bressanelli, Roberto"]
[Black "Moncelli, Giorgio"]
[Result "1/2-1/2"]
[WhiteElo "2115"]
[BlackElo "2145"]
[PlyCount "50"]
[EventDate "1996.10.05"]

1. e4 c6 2. d4 d5 3. e5 Bf5 4. h4 h6 5. g4 Bd7 6. h5 e6 7. f4 c5 8. c3 Nc6 9.
Nf3 Qb6 10. Kf2 O-O-O 11. Kg3 Kb8 12. a3 c4 13. Nbd2 Na5 14. Rb1 Rc8 15. Be2
Be8 16. Qe1 g6 17. hxg6 fxg6 18. Bd1 h5 19. g5 Ne7 20. Nh4 Bg7 21. Bc2 Rf8 22.
Ndf3 Rg8 23. Qd1 Bf8 24. Bd2 Rg7 25. Qe2 Nb3 1/2-1/2

[Event "XII Corsicoscacchi FIDE"]
[Site "Corsico ITA"]
[Date "1996.10.??"]
[Round "3"]
[White "Cazzaniga, Walter"]
[Black "Sbarra, Marco"]
[Result "0-1"]
[WhiteElo "2235"]
[BlackElo "2280"]
[PlyCount "54"]
[EventDate "1996.10.05"]

1. d4 Nf6 2. c4 d6 3. Nc3 e5 4. Nf3 Nbd7 5. e4 Be7 6. h3 O-O 7. Be3 c6 8. Qc2
a6 9. O-O-O Qa5 10. g4 b5 11. Kb1 Re8 12. g5 Nh5 13. c5 Qc7 14. cxd6 Bxd6 15.
Rc1 Bb7 16. Be2 exd4 17. Nxd4 Nf4 18. Bg4 Nf8 19. Rhd1 N8g6 20. Nf5 Bf8 21. Rd7
Qb8 22. Qb3 Ne6 23. Nd5 cxd5 24. exd5 Nef4 25. Rcc7 Bxd5 26. Qc3 Be6 27. Rb7
Qe5 0-1

[Event "XII Corsicoscacchi FIDE"]
[Site "Corsico ITA"]
[Date "1996.10.??"]
[Round "3"]
[White "Contini, Luca"]
[Black "Ubezio, Marco"]
[Result "1-0"]
[WhiteElo "2340"]
[BlackElo "2195"]
[PlyCount "71"]
[EventDate "1996.10.05"]

1. d4 c5 2. d5 Nf6 3. c4 e6 4. Nc3 d6 5. e4 g6 6. f3 Bg7 7. Bg5 exd5 8. cxd5
O-O 9. Qd2 Re8 10. Nge2 h6 11. Be3 Nbd7 12. Ng3 Kh7 13. Be2 a6 14. a4 Rb8 15.
O-O Ne5 16. h3 b5 17. axb5 axb5 18. Nxb5 Qb6 19. b4 Ba6 20. bxc5 dxc5 21. Rxa6
Qxa6 22. Nc7 Qa3 23. Nxe8 Nxe8 24. Qc1 Qa2 25. Qxc5 Rb2 26. Rf2 h5 27. Bf1 Rxf2
28. Bxf2 Nf6 29. Qc1 h4 30. Nh1 Bh6 31. Be3 Bf8 32. Qe1 Bd6 33. Qxh4+ Nh5 34.
Qf2 Qa3 35. f4 Nxf4 36. Qxf4 1-0

[Event "XII Corsicoscacchi FIDE"]
[Site "Corsico ITA"]
[Date "1996.10.??"]
[Round "3"]
[White "Dorighet, Claudio"]
[Black "Everet, Alexandro"]
[Result "1/2-1/2"]
[WhiteElo "1897"]
[BlackElo "2130"]
[PlyCount "77"]
[EventDate "1996.10.05"]

1. c4 e5 2. Nc3 Nf6 3. g3 Bc5 4. e3 O-O 5. Bg2 d6 6. Nge2 c6 7. O-O Be6 8. d3
d5 9. cxd5 cxd5 10. d4 exd4 11. Nxd4 Bxd4 12. exd4 h6 13. Be3 Qd7 14. Re1 Nc6
15. Qd2 Rac8 16. Rac1 Rfe8 17. f3 b6 18. Bf2 Na5 19. b3 Nb7 20. Bf1 Nd6 21. Ba6
Rc7 22. Be3 b5 23. Bf4 Rc6 24. Bxd6 Rxa6 25. Bc5 Bf5 26. Rxe8+ Qxe8 27. Re1 Re6
28. Rxe6 Bxe6 29. Bxa7 Nh7 30. Bc5 Ng5 31. Qe2 Qc8 32. Nxb5 Qd8 33. Nc3 Nh3+
34. Kh1 Qg5 35. Ba3 h5 36. Qe1 h4 37. Bc1 Qf6 38. Qe3 hxg3 39. hxg3 1/2-1/2

[Event "XII Corsicoscacchi FIDE"]
[Site "Corsico ITA"]
[Date "1996.10.??"]
[Round "3"]
[White "Gabetto, Flaviano"]
[Black "Oppici, Gabriele"]
[Result "1/2-1/2"]
[WhiteElo "2155"]
[BlackElo "2055"]
[PlyCount "96"]
[EventDate "1996.10.05"]

1. e4 g6 2. d4 Bg7 3. Nf3 c6 4. Nc3 d5 5. h3 Nf6 6. e5 Ne4 7. Bd3 Nxc3 8. bxc3
c5 9. O-O Nc6 10. Re1 O-O 11. Bf4 Qa5 12. Qd2 cxd4 13. cxd4 Qxd2 14. Bxd2 Be6
15. Rab1 Rab8 16. Rb5 Rfd8 17. Reb1 b6 18. c3 h6 19. R5b2 Na5 20. Nh2 Bf5 21.
Bxf5 gxf5 22. Bf4 Rbc8 23. Rc1 Rc6 24. Nf1 Rdc8 25. Ne3 e6 26. Rbc2 Bf8 27. Nd1
Kh7 28. Rb1 Nc4 29. Rb3 Na5 30. Rb1 Be7 31. g3 Rc4 32. Be3 Ra4 33. Kf1 Nc6 34.
Re2 Na5 35. f4 Rg8 36. Kf2 h5 37. Kf3 Rc4 38. Rh2 Rcc8 39. g4 h4 40. g5 Kg6 41.
Bf2 Rh8 42. Be1 Nc4 43. Ke2 Rb8 44. Ne3 Nxe3 45. Kxe3 Rbc8 46. Rbb2 Rc4 47. Kd3
Rhc8 48. Rb3 Kh5 1/2-1/2